[Event "Ch Latvia (w)"]
[Site "Riga (Latvia)"]
[Date "2021.09.18"]
[Round "3.7"]
[White "Gordievich Larisa (LAT)"]
[Black "Mierina Lauma (LAT)"]
[Result "1-0"]
[WhiteElo "1740"]
[BlackElo "1126"]
[Annotator ""]
[Source ""]
[Remark ""]

1.Nf3 d5 2.c4 e6 3.g3 Nf6 4.Bg2 Bd6 5.O-O O-O 6.b3 c5 7.Bb2 d4
8.d3 e5 9.Nfd2 Nfd7 10.Ne4 Nf6 11.Nbd2 Nc6 12.Ba3 Qe7 13.Nxf6+
Qxf6 14.Ne4 Qe7 15.Qd2 f5 16.Nxd6 Qxd6 17.f4 Re8 18.fxe5 Rxe5
19.Qf4 Qe7 20.Rae1 Bd7 21.Bd5+ Kh8 22.Rf2 Rc8 23.h3 Re3 24.Rg2
Rxd3 25.Bxc5 Qe3+ 26.Qxe3 Rxe3 27.Rd1 f4 28.gxf4 Bxh3 29.Rh2
Bg4 30.Bxc6 bxc6 31.Rxd4 Rxe2 32.Rxe2 Bxe2 33.Bxa7 h5 34.Bb6
Ra8 35.Rd8+ Rxd8 36.Bxd8 Bg4 37.a4 Kg8 38.b4 Be2 39.c5 Kf7 40.Kf2
Ba6 41.Ke3 Ke6 42.Ke4 g6 43.Bg5 Bc4 44.Bh4 Ba6 45.Be1 Bc4 46.Bc3
h4 47.Be1 h3 48.Kf3 Kf5 49.Bd2 Ba6 50.Kg3 Ke4 51.Kxh3 Kd5 52.Kg4
Ke6 53.Kg5 Kf7 54.Bc3 Bc4 55.Bf6 Ba6 56.f5 Bd3 57.fxg6+ Bxg6
58.b5 cxb5 59.axb5 Be4 60.Kf4 Bg2 61.Ke5 Bf3 62.c6 Bg2 63.Bh4
Kg6 64.Kd6 Kf7 65.b6 Bh3 66.b7 1-0

[Event "Ch Latvia (w)"]
[Site "Riga (Latvia)"]
[Date "2021.09.18"]
[Round "3.10"]
[White "Zubova Darja (LAT)"]
[Black "Krasilnikova Marija (LAT)"]
[Result "0-1"]
[WhiteElo "1364"]
[BlackElo "1201"]
[Annotator ""]
[Source ""]
[Remark ""]

1.e4 c5 2.Nf3 e6 3.d4 cxd4 4.Nxd4 Nc6 5.Nc3 Be7 6.Be3 Nf6 7.f3
a6 8.Qd2 Qc7 9.g4 h6 10.Bg2 g5 11.O-O-O b5 12.h4 gxh4 13.Bxh6
Nxd4 14.g5 Nc6 15.Bg7 Nxe4 16.Nxe4 Rg8 17.Nf6+ Bxf6 18.gxf6 Bb7
19.Rxh4 O-O-O 20.f4 Rde8 21.Rh3 Rd8 22.f5 Rge8 23.fxe6 dxe6 24.Qf2
Rxd1+ 25.Kxd1 Rd8+ 26.Kc1 Nb4 27.b3 Nd3+ 28.Rxd3 Rxd3 29.Bxb7+
Kxb7 30.Qg2+ Rd5 31.Kb1 Kb8 32.Qe2 Qe5 33.Qxe5+ Rxe5 34.Kc1 Rd5
35.c3 e5 36.Bh6 Kc7 37.Kc2 Kd7 38.c4 bxc4 39.bxc4 Rd4 40.Kc3
Kc6 41.Be3 Rd6 42.Bg5 e4 43.a4 a5 44.Kc2 Kc5 45.Bd2 Rxf6 46.Bxa5
Ra6 0-1

[Event "Ch Latvia (w)"]
[Site "Riga (Latvia)"]
[Date "2021.09.18"]
[Round "3.11"]
[White "Plauca Lelde (LAT)"]
[Black "Maklakova Naomi (LAT)"]
[Result "0-1"]
[WhiteElo "1021"]
[BlackElo "1416"]
[Annotator ""]
[Source ""]
[Remark ""]

1.e4 e5 2.Nf3 Nc6 3.Nc3 Nf6 4.d3 h6 5.Be2 Bc5 6.O-O d6 7.h3 O-O
8.Bd2 Be6 9.Na4 Bb6 10.c3 Bd7 11.Nxb6 axb6 12.Re1 Re8 13.b4 Ne7
14.Qc2 Ng6 15.a3 Bc6 16.Be3 d5 17.exd5 Nxd5 18.Nd2 Ndf4 19.Bxf4
Nxf4 20.Nf3 Qf6 21.Kh2 Qf5 22.Qd1 Rad8 23.Bf1 Nxd3 24.Bxd3 Rxd3
25.Qe2 Bxf3 26.gxf3 Rxf3 27.Rf1 Qxh3+ 0-1

[Event "Ch Latvia (w)"]
[Site "Riga (Latvia)"]
[Date "2021.09.18"]
[Round "3.12"]
[White "Tolmaceva Alona (LAT)"]
[Black "Maklakova Dafne (LAT)"]
[Result "1-0"]
[WhiteElo "1049"]
[BlackElo "1021"]
[Annotator ""]
[Source ""]
[Remark ""]

1.e4 e5 2.Nf3 Nc6 3.d4 exd4 4.Nxd4 Nf6 5.Nxc6 bxc6 6.e5 Qe7 7.Qe2
Nd5 8.c4 Nb6 9.b3 g6 10.Bb2 Bg7 11.Nd2 O-O 12.O-O-O d6 13.f4
Nd7 14.Nf3 Bb7 15.exd6 Bxb2+ 16.Kxb2 Qf6+ 17.Kb1 cxd6 18.h4 h5
19.Qd2 d5 20.Rg1 Qf5+ 21.Bd3 Qg4 22.Rh1 Nc5 23.Ne5 Nxd3 24.Nxg4
hxg4 25.Qxd3 Rae8 26.h5 Bc8 27.hxg6 Re7 28.g7 Kxg7 29.Qh7+ Kf6
30.Rh6# 1-0

[Event "Ch Latvia (w)"]
[Site "Riga (Latvia)"]
[Date "2021.09.19"]
[Round "4.1"]
[White "Parhomenko Margarita (LAT)"]
[Black "Rogule Laura (LAT)"]
[Result "0-1"]
[WhiteElo "1935"]
[BlackElo "2286"]
[Annotator ""]
[Source ""]
[Remark ""]

1.c4 e6 2.Nc3 d5 3.e3 Nf6 4.Nf3 c5 5.cxd5 exd5 6.d4 Nc6 7.Be2
a6 8.dxc5 Bxc5 9.a3 O-O 10.O-O Re8 11.Qc2 Qe7 12.Rd1 Be6 13.b4
Ba7 14.Bb2 Rac8 15.b5 Na5 16.bxa6 Ne4 17.Bb5 Red8 18.Qd3 bxa6
19.Bxa6 Nc5 20.Qe2 Nxa6 21.Qxa6 Nc4 22.Rab1 Nxb2 23.Rxb2 Rxc3
24.Rb7 Rc7 25.Rdb1 Bc8 26.Rxc7 Qxc7 0-1

[Event "Ch Latvia (w)"]
[Site "Riga (Latvia)"]
[Date "2021.09.19"]
[Round "4.2"]
[White "Golsta Madara (LAT)"]
[Black "Kazmerika Anna (LAT)"]
[Result "1/2-1/2"]
[WhiteElo "1967"]
[BlackElo "1851"]
[Annotator ""]
[Source ""]
[Remark ""]

1.d4 d5 2.c4 e6 3.cxd5 exd5 4.Nc3 Nf6 5.Bg5 c6 6.e3 Bf5 7.Qf3
Bg6 8.Bxf6 Qxf6 9.Qxf6 gxf6 10.Nge2 Nd7 11.h4 h5 12.Ng3 Bd6 13.f4
a5 14.Kf2 Nb6 15.Be2 Kd7 16.Rhf1 Rag8 17.Bf3 f5 18.Be2 Ke6 19.Bd3
Nd7 20.Be2 Be7 21.Rh1 Nf6 22.Bf3 Kd7 23.a3 Bd6 24.Nce2 Rb8 25.Rab1
Ke6 26.Nc1 Ne4+ 27.Bxe4 fxe4 28.Nge2 Bf5 29.Nb3 b6 30.Rbc1 Rhc8
31.a4 Bb4 32.Rc2 Rc7 33.Rhc1 Rbc8 34.Nc3 Kd6 35.Nd2 Kd7 36.Ndb1
Bg4 37.Nd2 f6 38.Nb3 Bd6 39.Nd2 Ke6 40.Nf1 Kd7 41.Nh2 Bf5 42.Nf1
Bg4 1/2-1/2

[Event "Ch Latvia (w)"]
[Site "Riga (Latvia)"]
[Date "2021.09.19"]
[Round "4.3"]
[White "Golsta Ramona (LAT)"]
[Black "Ter-Avetisjana Agnesa Stepania (LAT)"]
[Result "0-1"]
[WhiteElo "1738"]
[BlackElo "1872"]
[Annotator ""]
[Source ""]
[Remark ""]

1.d4 d5 2.Nf3 e6 3.Bf4 c5 4.c3 Nc6 5.e3 Bd6 6.Bg3 Nf6 7.Nbd2
O-O 8.Bd3 b6 9.Ne5 Bb7 10.f4 Qc7 11.Bh4 Be7 12.Bxf6 Bxf6 13.Qh5
g6 14.Qh3 Bxe5 15.fxe5 f5 16.O-O c4 17.Bc2 b5 18.g4 b4 19.Qg2
Kh8 20.Rf3 bxc3 21.bxc3 Qa5 22.Nb1 Qb5 23.Bd1 Rab8 24.a4 Qa5
25.Qc2 Ba6 26.Nd2 Rb7 27.Rb1 Rxb1 28.Nxb1 Rb8 29.Rf2 Qb6 30.Na3
Na5 31.gxf5 exf5 32.h4 Qd8 33.Rh2 Qf8 34.Nb1 Qh6 35.Rh3 Bc8 36.h5
f4 37.Rh2 Bf5 38.hxg6 Qxg6+ 39.Qg2 Rxb1 0-1

[Event "Ch Latvia (w)"]
[Site "Riga (Latvia)"]
[Date "2021.09.19"]
[Round "4.4"]
[White "Kuznecova Marija (LAT)"]
[Black "Parhomenko Anastasija (LAT)"]
[Result "1-0"]
[WhiteElo "1793"]
[BlackElo "1501"]
[Annotator ""]
[Source ""]
[Remark ""]

1.e4 c5 2.Nf3 e6 3.d4 d5 4.exd5 exd5 5.Bb5+ Nc6 6.O-O Nf6 7.Re1+
Be7 8.Qe2 Bd7 9.Bxc6 bxc6 10.Nc3 cxd4 11.Nxd4 Kf8 12.Bf4 Bb4
13.a3 Bc5 14.Nb3 Be7 15.Kh1 Be6 16.Nd4 Bd7 17.b4 h5 18.b5 Rc8
19.Rad1 Bxa3 20.bxc6 Bxc6 21.Nxc6 Rxc6 22.Nxd5 Re6 23.Nxf6 Qxf6
24.Qf3 Kg8 25.Rxe6 fxe6 26.Qe4 Be7 27.Be3 a6 28.h3 Kf7 29.Rd7
Re8 30.h4 Kf8 31.g3 g6 32.Kg2 Qf5 33.Bh6+ Kf7 34.Qd4 Qf6 35.Qa7
Qh8 36.Bg5 Qf8 37.Qc7 a5 38.Qxa5 Kg8 39.Bxe7 Rxe7 40.Rd8 Re8
41.Rxe8 Qxe8 42.Qa6 Qd7 43.c4 Kf7 44.Qb5 Qc8 45.c5 Ke7 46.Qb6
Qa8+ 47.Kh2 Qc8 48.Qd6+ Kf7 49.c6 Ke8 50.Kg2 Kf7 51.Kf3 1-0

[Event "Ch Latvia (w)"]
[Site "Riga (Latvia)"]
[Date "2021.09.19"]
[Round "4.5"]
[White "Jansone Melanija Luize (LAT)"]
[Black "Gordievich Larisa (LAT)"]
[Result "0-1"]
[WhiteElo "1413"]
[BlackElo "1740"]
[Annotator ""]
[Source ""]
[Remark ""]

1.e4 d5 2.exd5 Qxd5 3.Nc3 Qa5 4.d4 Nf6 5.Nf3 Bf5 6.Bf4 e6 7.a3
Be7 8.Be2 Ne4 9.Bd2 Nxd2 10.Qxd2 Nd7 11.O-O O-O 12.Rad1 c6 13.Rfe1
Rad8 14.h3 Bf6 15.Ne4 Qb6 16.Ng3 Bg6 17.c3 Rfe8 18.Qc1 e5 19.dxe5
Nxe5 20.Rxd8 Rxd8 21.Qf4 Nxf3+ 22.Bxf3 Qxb2 23.Qc7 h6 24.Nh5
Bxh5 25.Bxh5 g6 26.Bf3 Qxc3 27.Rb1 Qxa3 28.Qxb7 c5 29.Bd5 Rf8
30.Qd7 Bd4 31.Qg4 Qd3 32.Be4 Qd2 33.Qf3 Re8 34.Rf1 a5 35.Bd5
Rf8 36.Rd1 Qc3 37.Qe4 Kg7 38.Rb1 Qd2 39.Qf3 Bxf2+ 40.Kf1 Bd4
41.Re1 a4 42.Re7 Bf6 43.Ra7 Qc1+ 44.Kf2 Bd4+ 45.Kg3 Qe1+ 46.Kg4
h5+ 0-1

[Event "Ch Latvia (w)"]
[Site "Riga (Latvia)"]
[Date "2021.09.19"]
[Round "4.7"]
[White "Krasilnikova Marija (LAT)"]
[Black "Ungure Liga (LAT)"]
[Result "0-1"]
[WhiteElo "1201"]
[BlackElo "1194"]
[Annotator ""]
[Source ""]
[Remark ""]

1.d4 d5 2.Bf4 c5 3.e3 Nc6 4.c3 Nf6 5.Nf3 Qb6 6.Qc1 Bf5 7.Nbd2
e6 8.Be2 Be7 9.h3 h6 10.O-O O-O 11.Re1 Rfc8 12.Nb3 c4 13.Nbd2
Qd8 14.Ne5 Nxe5 15.Bxe5 b5 16.a3 a5 17.Nf3 b4 18.Bd1 bxa3 19.bxa3
Rc6 20.Bxf6 Bxf6 21.Bc2 Rb6 22.Bxf5 exf5 23.Qc2 g6 24.Rab1 Rab8
25.a4 Qd6 26.Qa2 Be7 27.Rxb6 Qxb6 28.Ne5 Rb7 29.Rd1 Kg7 30.Nf3
Qb2 31.Qxb2 Rxb2 32.Rc1 Ba3 33.Ne5 Rb3 34.Rc2 Bb2 35.Nd7 Bxc3
36.Nc5 Rb1+ 37.Kh2 Be1 38.Kg3 Kf6 39.h4 g5 40.hxg5+ hxg5 41.Kf3
Ke7 42.g4 fxg4+ 43.Kxg4 f6 44.Kf5 Bb4 45.e4 Kd6 46.Kxf6 Bxc5
47.e5+ Kc6 48.dxc5 Kxc5 49.e6 d4 50.Re2 c3 51.e7 Rb8 52.e8Q Rxe8
53.Rxe8 d3 54.Kxg5 d2 55.Rc8+ Kb4 56.Rb8+ Kxa4 0-1

[Event "Ch Latvia (w)"]
[Site "Riga (Latvia)"]
[Date "2021.09.19"]
[Round "4.8"]
[White "Dombrovska Stefanija (LAT)"]
[Black "Osobskaja Zinaida (LAT)"]
[Result "1-0"]
[WhiteElo "1544"]
[BlackElo "1688"]
[Annotator ""]
[Source ""]
[Remark ""]

1.d4 e6 2.e4 d5 3.e5 c5 4.c3 Nc6 5.Nf3 Nge7 6.Bd3 Nf5 7.Bxf5
exf5 8.O-O h6 9.Be3 c4 10.b4 a6 11.a4 Be6 12.Nbd2 b5 13.axb5
axb5 14.Rxa8 Qxa8 15.Qa1 Qb7 16.Qb2 Be7 17.h3 O-O 18.Nh2 g5 19.f4
f6 20.exf6 Bxf6 21.Ndf3 g4 22.hxg4 fxg4 23.Ne5 Bxe5 24.fxe5 Rxf1+
25.Nxf1 Qg7 26.g3 Ne7 27.Qa3 Nf5 28.Qa6 Qd7 29.Bf4 Kh7 30.Kg2
Kg6 31.Nd2 h5 32.Nb1 h4 33.Na3 hxg3 34.Nxb5 Kh7 35.Qa7 Kg6 36.Qxd7
Bxd7 37.Nc7 Bc6 38.b5 Bb7 39.Ne6 Bc8 40.Nc5 Ne7 41.b6 Kf5 42.Bxg3
Nc6 43.b7 Bxb7 44.Nxb7 Nxd4 45.cxd4 c3 46.Be1 c2 47.Bd2 Ke4 48.e6 1-0

[Event "Ch Latvia (w)"]
[Site "Riga (Latvia)"]
[Date "2021.09.19"]
[Round "4.10"]
[White "Maklakova Naomi (LAT)"]
[Black "Tolmaceva Alona (LAT)"]
[Result "1-0"]
[WhiteElo "1416"]
[BlackElo "1049"]
[Annotator ""]
[Source ""]
[Remark ""]

1.d4 Nf6 2.Bf4 c5 3.e3 e6 4.c3 Nc6 5.Nf3 Be7 6.Bd3 O-O 7.Nbd2
d6 8.Qc2 h6 9.Bg3 Rb8 10.dxc5 b6 11.cxd6 Bxd6 12.Ne4 Nxe4 13.Bxe4
Qc7 14.Bxd6 Qxd6 15.Rd1 Qc7 16.O-O Ba6 17.Rfe1 Rbd8 18.Nd4 Bb7
19.h3 e5 20.Nxc6 Bxc6 21.Bxc6 Qxc6 22.Rd2 Rd6 23.Rxd6 Qxd6 24.Rd1
Qe6 25.a3 f5 26.Qa4 a5 27.Qb5 f4 28.exf4 exf4 29.Qd5 Kf7 30.Qb7+
Kg8 31.Rd7 Qg6 32.Qd5+ Kh8 33.Qd3 Qe6 34.Qd6 Re8 35.Rd8 Qxd6
36.Rxd6 Rb8 37.Kf1 Kh7 38.Ke2 g5 39.Kf3 a4 40.Kg4 b5 41.Kh5 Re8
42.Rxh6+ Kg7 43.Rg6+ Kf7 44.Rxg5 Re2 45.Rxb5 Rxf2 46.Kg4 Rxg2+
47.Kxf4 Rf2+ 48.Kg5 Ke6 49.h4 Rg2+ 50.Kf4 Kd6 51.h5 Kc6 52.Rb4
Rh2 53.Kg5 Kd7 54.h6 Rg2+ 55.Kf6 Ke8 56.h7 Rh2 57.h8Q+ Rxh8 58.Rb8+
Kd7 59.Rxh8 Kc6 60.c4 Kc5 61.Rc8+ Kd6 62.c5+ Kd7 63.Rh8 Kc6 64.Rh5
Kc7 65.Ke6 Kc6 66.Rd5 Kc7 67.Rd6 Kc8 68.Rd7 Kb8 69.c6 Kc8 70.Kd6
Kb8 71.c7+ Kc8 72.Rd8+ Kb7 73.c8Q+ Kb6 74.Qc6+ Ka7 75.Ra8# 1-0

[Event "Ch Latvia (w)"]
[Site "Riga (Latvia)"]
[Date "2021.09.19"]
[Round "4.12"]
[White "Mierina Lauma (LAT)"]
[Black "Zubova Darja (LAT)"]
[Result "0-1"]
[WhiteElo "1126"]
[BlackElo "1364"]
[Annotator ""]
[Source ""]
[Remark ""]

1.e4 c5 2.Nf3 e6 3.d4 cxd4 4.Nxd4 Nc6 5.Nc3 Qc7 6.Be2 Nf6 7.Be3
Be7 8.h3 O-O 9.O-O Rd8 10.Ndb5 Qb8 11.Bf3 a6 12.Nd4 Ne5 13.Be2
d5 14.exd5 Nxd5 15.Nxd5 Rxd5 16.c4 Rd8 17.Qc2 Ng6 18.Rfd1 Qc7
19.b3 Bf6 20.Rac1 b6 21.Bf3 Bb7 22.Be4 Rd7 23.Bxb7 Qxb7 24.Nf3
Rad8 25.Nd2 Bd4 26.Bxd4 Rxd4 27.Nf3 R4d7 28.Rxd7 Qxd7 29.Qe4
Qc7 30.b4 h6 31.c5 bxc5 32.bxc5 Rd5 33.c6 Ne7 34.Qc4 a5 35.Qa6
Qf4 36.Re1 Rc5 37.Qb6 Qd6 38.a4 Nxc6 39.Qa6 Qf4 40.Ra1 Nd4 41.Nxd4
Qxd4 42.Qf1 Rc4 43.Rd1 Qf4 44.Rd8+ Kh7 45.Qb1+ g6 46.Rd1 Rxa4
47.Qb2 Rb4 48.Qa1 Rb5 49.Rd8 Qe5 50.Qc1 Rc5 51.Qb1 Rd5 52.Ra8
Rd2 53.Qc1 Qd6 54.Rxa5 Rd1+ 55.Qxd1 Qxd1+ 56.Kh2 Qd2 57.Ra4 Qxf2
58.Re4 Qf5 59.Re3 Qf4+ 60.Rg3 h5 61.h4 Qxh4+ 62.Rh3 Qf4+ 63.Kg1
e5 64.Rf3 Qc4 65.Kh2 e4 66.Re3 Qd4 67.Re2 0-1

[Event "Ch Latvia (w)"]
[Site "Riga (Latvia)"]
[Date "2021.09.19"]
[Round "4.13"]
[White "Guminskaya Daria (LAT)"]
[Black "Plauca Lelde (LAT)"]
[Result "1-0"]
[WhiteElo "1174"]
[BlackElo "1021"]
[Annotator ""]
[Source ""]
[Remark ""]

1.e4 e5 2.Nf3 Nc6 3.Bb5 Nf6 4.Bxc6 dxc6 5.d3 Bd6 6.Be3 O-O 7.Nbd2
h6 8.h3 Be6 9.Qe2 Re8 10.O-O-O Nh7 11.g4 f6 12.Rhg1 g5 13.h4
b5 14.Nb3 a5 15.Nc5 Qe7 16.Nxe6 Qxe6 17.Kb1 a4 18.hxg5 fxg5 19.Qd2
b4 20.Rh1 Bf8 21.Ne1 Qxg4 22.f3 Qe6 23.Ng2 Reb8 24.Rhg1 Kh8 25.d4
exd4 26.Bxd4+ Nf6 27.f4 Kh7 28.e5 Nd5 29.fxg5 Nc3+ 30.Bxc3 bxc3
31.Qxc3 hxg5 32.Rh1+ Kg8 33.Rh2 Bg7 34.Re1 Rb5 35.Qg3 Rab8 36.Qxg5
Rxb2+ 37.Kc1 Rb1+ 38.Kd2 Qd5+ 39.Ke2 Qc4+ 40.Kf2 Qd4+ 41.Re3
Rf8+ 42.Kg3 Qd7 43.Nf4 Kf7 44.e6+ Qxe6 45.Qh5+ Kg8 46.Nxe6 Rg1+
47.Rg2 Rxg2+ 48.Kxg2 Rf7 49.Rg3 1-0

[Event "Ch Latvia (w)"]
[Site "Riga (Latvia)"]
[Date "2021.09.20"]
[Round "5.1"]
[White "Rogule Laura (LAT)"]
[Black "Ter-Avetisjana Agnesa Stepania (LAT)"]
[Result "1-0"]
[WhiteElo "2286"]
[BlackElo "1872"]
[Annotator ""]
[Source ""]
[Remark ""]

1.e4 c6 2.Nf3 d5 3.Nc3 Bg4 4.h3 Bxf3 5.Qxf3 e6 6.d3 Nf6 7.Be2
Bd6 8.O-O O-O 9.d4 dxe4 10.Nxe4 Be7 11.Rd1 Nbd7 12.Ng3 Re8 13.c4
Bf8 14.Bf4 g6 15.Rd2 Qa5 16.Nf1 Bg7 17.Bd6 e5 18.dxe5 Nxe5 19.Qa3
Qxa3 20.Bxa3 Ne4 21.Rdd1 Rad8 22.f3 Nf6 23.Kf2 Bf8 24.Bxf8 Kxf8
25.b4 Ng8 26.a4 Ne7 27.Ne3 f5 28.g3 Ng8 29.a5 Nf6 30.Nc2 Kf7
31.Bf1 Rd7 32.Rxd7+ Nexd7 33.Nd4 Nf8 34.a6 bxa6 35.Nxc6 Ne6 36.Rxa6
f4 37.Rxa7+ Kf8 38.g4 h5 39.Ne5 1-0

[Event "Ch Latvia (w)"]
[Site "Riga (Latvia)"]
[Date "2021.09.20"]
[Round "5.2"]
[White "Gordievich Larisa (LAT)"]
[Black "Golsta Madara (LAT)"]
[Result "0-1"]
[WhiteElo "1740"]
[BlackElo "1967"]
[Annotator ""]
[Source ""]
[Remark ""]

1.Nf3 c5 2.g3 g6 3.Bg2 Bg7 4.c4 Nc6 5.e3 Nf6 6.Nc3 d5 7.d4 dxc4
8.Qa4 Bd7 9.Qxc4 cxd4 10.Nxd4 Rc8 11.O-O O-O 12.Rd1 Nxd4 13.Qxd4
Qa5 14.Bxb7 Rcd8 15.Nd5 Nxd5 16.Qxd5 Bc6 17.Qxc6 Rxd1+ 18.Kg2
Qe1 19.Qc2 Rfd8 20.Kh3 Qf1+ 21.Bg2 Qb5 22.Bf3 Rg1 23.Be2 Qb7
24.e4 Qc8+ 0-1

[Event "Ch Latvia (w)"]
[Site "Riga (Latvia)"]
[Date "2021.09.20"]
[Round "5.4"]
[White "Kazmerika Anna (LAT)"]
[Black "Kuznecova Marija (LAT)"]
[Result "1/2-1/2"]
[WhiteElo "1793"]
[BlackElo "1793"]
[Annotator ""]
[Source ""]
[Remark ""]

1.Nf3 c5 2.c4 Nc6 3.d4 cxd4 4.Nxd4 e5 5.Nc2 f5 6.Nc3 d6 7.e4
Be7 8.g3 Nf6 9.Bg2 O-O 10.O-O Be6 11.b3 Qd7 12.Re1 Rad8 13.exf5
Bxf5 14.Ne3 Be6 15.Ncd5 Ng4 16.Nxg4 Bxg4 17.f3 Bh5 18.Bb2 Qf5
19.Rf1 Bg6 20.Qe2 Qh5 21.Rae1 Bg5 22.Bc3 Rde8 23.Qb2 Bd3 24.Rf2
Nd4 25.Bxd4 exd4 26.Rxe8 Rxe8 27.Qxd4 Re1+ 28.Bf1 Bxf1 29.Rxf1
Rxf1+ 30.Kxf1 Qxf3+ 31.Kg1 Qe2 32.Qf2 Qd1+ 33.Kg2 Qd3 34.Qxa7
Qe4+ 35.Kg1 Qb1+ 36.Kg2 Qe4+ 37.Kg1 1/2-1/2

[Event "Ch Latvia (w)"]
[Site "Riga (Latvia)"]
[Date "2021.09.20"]
[Round "5.5"]
[White "Ungure Liga (LAT)"]
[Black "Maklakova Naomi (LAT)"]
[Result "1-0"]
[WhiteElo "1194"]
[BlackElo "1416"]
[Annotator ""]
[Source ""]
[Remark ""]

1.e4 e5 2.Nf3 Nc6 3.Bb5 Nf6 4.O-O d6 5.d4 exd4 6.Nxd4 Bd7 7.Nc3
Be7 8.Bxc6 bxc6 9.Qf3 O-O 10.Nf5 Bxf5 11.Qxf5 Nd7 12.f4 Bf6 13.Bd2
Re8 14.Rae1 Nf8 15.Nd1 Ng6 16.Bc3 Bxc3 17.Nxc3 Rb8 18.b3 Re6
19.Qa5 Rf6 20.g3 c5 21.Nd5 h5 22.Qc3 Re6 23.f5 Re5 24.fxg6 fxg6
25.Qf3 h4 26.g4 c6 27.Qf7+ Kh8 28.Nf4 Rg5 29.Nxg6+ Kh7 30.Nf8+
Kh8 31.h3 Qe8 32.Ne6 Rg6 33.Qxe8+ Rxe8 34.Nf4 Rf6 35.Nd3 Rfe6
36.e5 dxe5 37.Nxc5 Rd6 38.Rd1 Rd5 39.Ne4 Red8 40.Rde1 Kg8 41.Rf5
Rd1 42.Rxd1 Rxd1+ 43.Kg2 Rc1 44.Rf2 Re1 45.Nc3 e4 46.Re2 Rc1
47.Nxe4 Kf7 48.Nf2 Kf6 49.Nd3 Rd1 50.Rf2+ Ke6 51.Nf4+ Ke5 52.Ng6+
Ke6 53.Nxh4 1-0

[Event "Ch Latvia (w)"]
[Site "Riga (Latvia)"]
[Date "2021.09.20"]
[Round "5.6"]
[White "Maklakova Nellija (LAT)"]
[Black "Golsta Ramona (LAT)"]
[Result "1-0"]
[WhiteElo "1816"]
[BlackElo "1738"]
[Annotator ""]
[Source ""]
[Remark ""]

1.c4 Nf6 2.d4 e6 3.Nf3 Bb4+ 4.Bd2 c5 5.Bxb4 cxb4 6.Nbd2 O-O 7.e4
d6 8.Be2 a5 9.O-O Na6 10.Rc1 b6 11.e5 dxe5 12.dxe5 Nd7 13.Ne4
Qc7 14.Nd6 Rd8 15.Nb5 Qb8 16.Bd3 Bb7 17.Ng5 h6 18.Bh7+ Kf8 19.Nxf7
Kxf7 20.Qh5+ Kf8 21.f4 Ndc5 22.f5 g6 23.Qxh6+ 1-0

[Event "Ch Latvia (w)"]
[Site "Riga (Latvia)"]
[Date "2021.09.20"]
[Round "5.7"]
[White "Paune Inese (LAT)"]
[Black "Dombrovska Stefanija (LAT)"]
[Result "1/2-1/2"]
[WhiteElo "1405"]
[BlackElo "1544"]
[Annotator ""]
[Source ""]
[Remark ""]

1.e4 e5 2.Nf3 Nc6 3.Bc4 Be7 4.c3 Nf6 5.d3 O-O 6.O-O d6 7.a4 Na5
8.Ba2 Bg4 9.h3 Bh5 10.Re1 h6 11.Nbd2 Qc8 12.Nf1 c5 13.Ne3 Bxf3
14.Qxf3 g6 15.Bd2 Nc6 16.Nd5 Kg7 17.Bxh6+ Kxh6 18.Nxf6 Bxf6 19.Qxf6
Qd8 20.Qxd8 Nxd8 21.Bd5 Rb8 22.b3 f5 23.exf5 gxf5 24.Re3 Nf7
25.h4 f4 26.Rf3 Nh8 27.Rh3 Ng6 28.Be4 Ne7 29.Re1 a5 30.Bf3 Nf5
31.Re4 b5 32.Bd1 b4 33.cxb4 Rxb4 34.Rxb4 cxb4 35.h5 Rc8 36.Bg4
Rc1+ 37.Kh2 Nd4 38.g3 f3 39.Bd7 Rf1 40.g4 Rxf2+ 41.Kg1 Rd2 42.g5+
Kh7 43.h6 Rg2+ 44.Kf1 Rxg5 45.Bb5 Rg6 46.Bc4 Rxh6 47.Rg3 Rh2
48.Bd5 Rb2 49.Rg8 Nxb3 50.Rd8 f2 51.Rd7+ Kh8 52.Rd8+ Kg7 53.Rd7+
Kh6 54.Rxd6+ Kg5 55.Bxb3 Rxb3 56.Kxf2 Kf5 57.Rd5 Kf4 58.Ke2 Rb2+
59.Kd1 Ke3 60.Kc1 Rh2 61.Rxe5+ Kxd3 62.Rxa5 Kc4 63.Ra8 Ra2 64.Kb1
Ra3 65.Kb2 Rb3+ 66.Kc2 Rc3+ 67.Kb2 Ra3 68.Rc8+ Kd5 69.Rd8+ Kc6
70.Ra8 Kb6 71.Rb8+ Ka5 72.Ra8+ Kb6 73.Rb8+ 1/2-1/2

[Event "Ch Latvia (w)"]
[Site "Riga (Latvia)"]
[Date "2021.09.20"]
[Round "5.8"]
[White "Parhomenko Anastasija (LAT)"]
[Black "Jansone Melanija Luize (LAT)"]
[Result "1/2-1/2"]
[WhiteElo "1501"]
[BlackElo "1413"]
[Annotator ""]
[Source ""]
[Remark ""]

1.d4 Nf6 2.Nf3 g6 3.e3 Bg7 4.b3 d6 5.Bb2 O-O 6.Bd3 Nbd7 7.Nbd2
Re8 8.Nc4 c5 9.O-O a6 10.a4 b6 11.Ng5 Bb7 12.f4 b5 13.axb5 axb5
14.Nd2 Nd5 15.Qe2 Rxa1 16.Rxa1 Bc6 17.f5 e5 18.Nge4 N7f6 19.dxc5
Nxe4 20.Nxe4 dxc5 21.fxg6 hxg6 22.Bxb5 Qb6 23.Nd6 Bxb5 24.Nxb5
c4 25.bxc4 Nxe3 26.Qf2 Nxc4 27.Qxb6 Nxb6 28.Rf1 Nc4 29.Bc3 Ne3
30.Re1 Bh6 31.Re2 f5 32.Nd6 Rd8 33.Bxe5 Ng4 34.Bg3 f4 35.Re6
fxg3 36.Rxg6+ Kh7 37.Rxg4 gxh2+ 38.Kxh2 Rxd6 39.c4 Rd3 40.Re4
Rc3 41.g3 Kg6 42.Kh3 Kf5 43.Rh4 Bg5 44.Rd4 Be3 45.Rh4 Bg5 46.Rg4
Be3 47.Rh4 Bg5 48.Rd4 Be3 49.Rd5+ Kf6 50.Rd6+ Ke5 51.Rd5+ Kf6 1/2-1/2

[Event "Ch Latvia (w)"]
[Site "Riga (Latvia)"]
[Date "2021.09.20"]
[Round "5.9"]
[White "Osobskaja Zinaida (LAT)"]
[Black "Zalcmane Vija (LAT)"]
[Result "1-0"]
[WhiteElo "1688"]
[BlackElo "1384"]
[Annotator ""]
[Source ""]
[Remark ""]

1.e4 e5 2.Nf3 Nc6 3.Bc4 Be7 4.c3 Nf6 5.d4 exd4 6.e5 Ne4 7.cxd4
d5 8.Bb5 Bd7 9.Bxc6 bxc6 10.O-O O-O 11.Nc3 Nxc3 12.bxc3 c5 13.Be3
cxd4 14.cxd4 c6 15.h3 h6 16.Nh2 f5 17.f4 Be8 18.g4 fxg4 19.hxg4
Rb8 20.Rb1 Rb6 21.Qc2 Qc8 22.f5 Qd8 23.Nf3 Bd7 24.e6 Bc8 25.Rxb6
Qxb6 26.Kg2 Bf6 27.Rh1 Ba6 28.Qd2 Qb5 29.Bxh6 Qe2+ 30.Qxe2 Bxe2
31.Be3 Rb8 32.g5 Be7 33.Bf4 Rf8 34.Ne5 Rxf5 35.Ng6 1-0

[Event "Ch Latvia (w)"]
[Site "Riga (Latvia)"]
[Date "2021.09.20"]
[Round "5.10"]
[White "Zubova Darja (LAT)"]
[Black "Guminskaya Daria (LAT)"]
[Result "1-0"]
[WhiteElo "1364"]
[BlackElo "1174"]
[Annotator ""]
[Source ""]
[Remark ""]

1.e4 c5 2.Nf3 Nc6 3.d4 cxd4 4.Nxd4 Nf6 5.Nc3 d6 6.Be3 Ng4 7.Bc1
Qb6 8.f3 Qxd4 9.fxg4 Qxd1+ 10.Nxd1 Bxg4 11.Ne3 Bh5 12.Bd2 Rc8
13.Bc3 a6 14.h4 h6 15.Bd3 b5 16.a3 e6 17.Rf1 Be7 18.Bxg7 Bxh4+
19.Kd2 Rh7 20.Bc3 Bg6 21.Ng4 Bg5+ 22.Kd1 Bh5 23.Be2 Bxg4 24.Bxg4
Ke7 25.Be2 f6 26.g3 e5 27.Bd3 Rg7 28.Be1 Nd4 29.a4 Rb8 30.axb5
axb5 31.Bb4 Rb7 32.Ra5 Be3 33.Be1 Ke6 34.c3 Nc6 35.Rxb5 Rxb5
36.Bxb5 Na5 37.b4 Rb7 38.Ba6 Ra7 39.Bc8+ Ke7 40.bxa5 Rxa5 41.Bb7
Bg5 42.Bd5 Ra1+ 43.Ke2 Rc1 44.Rf3 Rc2+ 45.Kd3 Rc1 46.Bd2 Rd1
47.Rf2 Rg1 48.Bxg5 Rxg3+ 49.Be3 h5 50.Rh2 1-0

[Event "Ch Latvia (w)"]
[Site "Riga (Latvia)"]
[Date "2021.09.20"]
[Round "5.11"]
[White "Mierina Lauma (LAT)"]
[Black "Krasilnikova Marija (LAT)"]
[Result "0-1"]
[WhiteElo "1126"]
[BlackElo "1201"]
[Annotator ""]
[Source ""]
[Remark ""]

1.e4 d5 2.exd5 Qxd5 3.Nc3 Qa5 4.d4 c6 5.Bc4 Nf6 6.Qe2 Bg4 7.Nf3
e6 8.h3 Bh5 9.Bb3 Nbd7 10.Bd2 Qc7 11.Qe3 Bd6 12.Qd3 Bg6 13.Qe2
O-O 14.O-O Rfe8 15.Rfe1 a6 16.Ne5 Bh5 17.f3 c5 18.Nxd7 Nxd7 19.dxc5
Nxc5 20.Bc4 Bg6 21.Ne4 Nxe4 22.fxe4 Bc5+ 23.Kh1 Red8 24.a3 Rd4
25.Bd3 e5 26.Bc3 Rdd8 27.Bc4 Kh8 28.Bd5 f6 29.Qc4 Rab8 30.Qa4
Be8 31.Qb3 Bc6 32.Bxc6 Qxc6 33.a4 Bd4 34.Bxd4 Rxd4 35.c3 Rxe4
36.Rxe4 Qxe4 37.Rd1 Qc6 38.Qb4 Re8 39.b3 e4 40.Qd4 e3 41.Re1
Qe6 42.b4 Qe4 43.Qxe4 Rxe4 44.Kg1 f5 45.g3 g5 46.Kg2 f4 47.Kf3
Rc4 48.gxf4 gxf4 49.Rc1 Kg7 50.Re1 Kf6 51.Rc1 Ke5 52.Rc2 b5 53.a5
Kf5 54.h4 Rc6 55.Rc1 h5 56.Rc2 Ke5 57.Rc1 Rg6 58.c4 Rg3+ 59.Ke2
Ke4 60.cxb5 f3+ 61.Kd1 0-1

[Event "Ch Latvia (w)"]
[Site "Riga (Latvia)"]
[Date "2021.09.22"]
[Round "6.1"]
[White "Golsta Madara (LAT)"]
[Black "Rogule Laura (LAT)"]
[Result "1/2-1/2"]
[WhiteElo "1967"]
[BlackElo "2286"]
[Annotator ""]
[Source ""]
[Remark ""]

1.e4 c5 2.Nf3 d6 3.d4 cxd4 4.Nxd4 Nf6 5.Nc3 a6 6.Bd3 g6 7.Bg5
Bg7 8.Nb3 Nbd7 9.f4 b5 10.a3 Bb7 11.Qe2 h6 12.Bh4 Nh5 13.g3 Rc8
14.Nd1 Nc5 15.Nxc5 dxc5 16.c3 Qb6 17.Nf2 Rd8 18.Bc2 b4 19.cxb4
cxb4 20.O-O b3 21.Bd3 Bd4 22.Rad1 Rd7 23.Bc4 O-O 24.Rd3 Rc8 25.Rxb3
Qc5 26.Bd3 1/2-1/2

[Event "Ch Latvia (w)"]
[Site "Riga (Latvia)"]
[Date "2021.09.22"]
[Round "6.2"]
[White "Kuznecova Marija (LAT)"]
[Black "Ungure Liga (LAT)"]
[Result "0-1"]
[WhiteElo "1793"]
[BlackElo "1194"]
[Annotator ""]
[Source ""]
[Remark ""]

1.e4 c5 2.Nf3 e6 3.d4 cxd4 4.Nxd4 Nc6 5.Nc3 Qc7 6.g3 h5 7.Nxc6
bxc6 8.Bg2 Ba6 9.Qd4 e5 10.Qa4 Qb6 11.Qb3 Bc5 12.Qxb6 Bxb6 13.Na4
Ba5+ 14.Bd2 Bxd2+ 15.Kxd2 d6 16.Rad1 Nf6 17.Kc1 Ke7 18.h3 h4
19.g4 Nh7 20.Rhe1 f6 21.b3 Ng5 22.c4 Ne6 23.Nc3 Rab8 24.Ne2 Bc8
25.Rd2 a5 26.Red1 Rd8 27.Nc3 Nc5 28.Kc2 Be6 29.Rb1 Rb7 30.Rdd1
Rdb8 31.Bf1 Kd7 32.Be2 Kc7 33.Bf1 Bf7 34.Be2 g5 35.Bf1 Bg6 36.f3
Ne6 37.Ne2 Bf7 38.Bg2 Nc5 39.Nc3 a4 40.Nxa4 Nxa4 41.bxa4 Rxb1
42.Rxb1 Rxb1 43.Kxb1 Bxc4 44.Kb2 Kb6 45.a3 Ka5 46.Kc3 d5 47.exd5
cxd5 48.Bh1 Kxa4 0-1